Statistics for Food Multiple Choice

Click here to take the quiz!

General Stats

  • This quiz has been taken 46 times
  • The average score is 5 of 11

Answer Stats

QuestionAnswer% Correct
Borscht is an Eastern European soup made from which vegetable ?Beetroot
74%
Which country eats the least amount of meat per person per year ?India
60%
What do Italians call maize ?Polenta
60%
Which fruit technically have a wasp in them ?Figs
56%
Which country would you have Tom Yum soup ?Thailand
51%
If you were ordering an 'affogato' what would you be ordering ?Vanilla ice cream with a shot of Espresso
51%
What is another name for Garbanzo beans ?Chickpeas
44%
Which fruit contains the most protein ?Guava
35%
What is the most stolen food worldwide ?Cheese
26%
Where were Belgian waffles invented ?Luxembourg
21%
What is the most eaten pasta worldwide ?Penne
21%

Score Distribution

Percentile by Number Answered

Percent of People with Each Score

Your Score History

You have not taken this quiz